000 00453nam a2200181Ia 4500
005 20250508160933.0
008 008 250505s9999 xx 000 0 eng d
037 _aTextual
040 _aFEDL
_beng
_cFEDL
041 _aeng
_2eng
084 _a374, ELS
_qFEDL
100 _aElsdon K T
_9769793
245 0 _aTraining for adult education
260 _c1975
300 _a202p.
942 _cTEXL
_h374, ELS
999 _c1367504
_d1367504